000 00448nam a2200181Ia 4500
008 230711s9999||||xx |||||||||||||| ||und||
020 _a1-85573-483-4
041 _aENG
082 _a677
_bLO-W
100 _aLord,P.R
245 0 _aWeaving conversion of yarn to fabric
250 _a1st Ed.
260 _c2001
_aNew Delhi
_bWoodhead Publishing Pvt Ltd
300 _a394
650 _aTextile Engineering
700 _aMohamed,M.H
942 _cBK
999 _c5484
_d5484